| 000 | 00923nam0a22002651 4500 | ||
|---|---|---|---|
| 001 | RU\INFOCOMM_322\NLR\5000259812 | ||
| 005 | 20260405071634.0 | ||
| 035 | _a(NLR Aleph) 010602149 | ||
| 090 |
_a10540866 _c10540866 |
||
| 100 | _a20130323d1959 |||y0rusy50 ca | ||
| 101 | 1 |
_aeng _crus |
|
| 102 | _aRU | ||
| 105 | _ay z|||| | ||
| 200 | 1 |
_aBoys and ducklings _fMikhail Prishvin _gTransl. from the Russian by Olga Shartse _gDrawings by D. Khaikin |
|
| 210 |
_aM. _cForeign languages publ. house _d1959 |
||
| 215 |
_a16 с. _cил. _d28 см |
||
| 300 | _aНа с. 4-й обл.: М. Пришвин. Ребята и утята | ||
| 620 | _aМосква | ||
| 686 |
_aДл220(СССР) _2rubbk |
||
| 700 | 1 |
_8rus _7ba _aPrišvin _bM. M. _f1873-1954 _gMichail Michajlovič _3RU\NLR\AUTH\7724540 _97591 |
|
| 801 | 1 |
_aRU _bInfocomm _c20130323 |
|
| 801 | 0 |
_aRU _bINFOCOMM _gPSBO |
|
| 852 |
_aNLR _jДл01 Г-8/384 |
||
| 942 | _cBOOK | ||
| 980 | _aNB | ||